[Event "4NCL Division 1c"]
[Site "Birmingham, ENG"]
[Date "2016.04.30"]
[Round "9.141"]
[White "Griffiths, Ryan Rhys"]
[Black "Sarakauskas, Gediminas"]
[Result "1/2-1/2"]
[WhiteElo "2351"]
[BlackElo "2416"]
[PlyCount "48"]
[EventDate "2016.04.30"]
[WhiteTeam "Barbican 4NCL 2"]
[BlackTeam "Guildford 2"]

1. d4 d5 2. c4 c6 3. Nc3 Nf6 4. e3 a6 5. Nf3 b5 6. b3 Bg4 7. Bd2 e6 8. h3 Bxf3
9. Qxf3 Nbd7 10. Bd3 bxc4 11. bxc4 dxc4 12. Bxc4 c5 13. Qe2 cxd4 14. exd4 Bb4
15. O-O O-O 16. a3 Be7 17. d5 Nb6 18. Bxa6 Nbxd5 19. a4 Nxc3 20. Bxc3 Nd5 21.
Bd2 Bf6 22. Rad1 Qb6 23. Bb5 Nc3 24. Bxc3 Bxc3 1/2-1/2

[Event "4NCL Division 1c"]
[Site "Birmingham, ENG"]
[Date "2016.04.30"]
[Round "9.142"]
[White "Zhou, Yang-Fan"]
[Black "Grafl, Florian"]
[Result "1-0"]
[WhiteElo "2465"]
[BlackElo "2398"]
[PlyCount "61"]
[EventDate "2016.04.30"]
[WhiteTeam "Guildford 2"]
[BlackTeam "Barbican 4NCL 2"]

1. e4 d5 2. exd5 Qxd5 3. Nc3 Qd6 4. d4 Nf6 5. Nf3 a6 6. g3 Bg4 7. h3 Bh5 8. Bf4
Qb6 9. Bg2 Nc6 10. O-O O-O-O 11. g4 Bg6 12. Na4 Qa7 13. c4 e6 14. Be3 Nb4 15.
Ne1 c5 16. dxc5 Rxd1 17. Rxd1 Ne4 18. c6 Bc5 19. Nxc5 Nxc5 20. cxb7+ Kc7 21.
Bf4+ Kb6 22. Rd6+ Ka5 23. a3 Nbd3 24. Nxd3 Bxd3 25. b4+ Ka4 26. bxc5 Bxf1 27.
Kxf1 e5 28. Be3 a5 29. Bd5 Rb8 30. c6 Qa6 31. Bc5 1-0

[Event "4NCL Division 1c"]
[Site "Birmingham, ENG"]
[Date "2016.04.30"]
[Round "9.143"]
[White "Sowray, Peter J"]
[Black "Milliet, Sophie"]
[Result "1-0"]
[WhiteElo "2365"]
[BlackElo "2353"]
[PlyCount "117"]
[EventDate "2016.04.30"]
[WhiteTeam "Barbican 4NCL 2"]
[BlackTeam "Guildford 2"]

1. d4 Nf6 2. c4 e6 3. Nc3 Bb4 4. e3 O-O 5. Nge2 b5 6. a3 Bxc3+ 7. Nxc3 bxc4 8.
Bxc4 d5 9. Bd3 Ba6 10. O-O Bxd3 11. Qxd3 Nbd7 12. Na4 Nb6 13. Nc5 Nfd7 14. Bd2
Nxc5 15. dxc5 Nd7 16. Bc3 f6 17. b4 Ne5 18. Qe2 Nc4 19. e4 Qe8 20. Rfe1 Rd8 21.
a4 Qc6 22. exd5 exd5 23. Qg4 Rde8 24. b5 Qxc5 25. Rxe8 Rxe8 26. Bxf6 Qf8 27.
Bc3 Re4 28. Qg5 Qf7 29. Rd1 Nd6 30. a5 h6 31. Qxd5 Qxd5 32. Rxd5 Rc4 33. Be1
Rc1 34. Kf1 Rb1 35. b6 axb6 36. a6 Ra1 37. Ra5 Rxa5 38. Bxa5 Nb5 39. Bc3 Kf7
40. f4 g6 41. g4 Ke6 42. Kf2 Kd5 43. f5 gxf5 44. gxf5 c5 45. Ke3 Nc7 46. f6 Ke6
47. a7 Na8 48. Ke4 h5 49. h4 Nc7 50. Kd3 b5 51. Ba5 Na8 52. Bd8 Kf7 53. Kc3 Ke6
54. Be7 Kf7 55. Bxc5 Kxf6 56. Kb4 Ke6 57. Kxb5 Kd7 58. Bb6 Kc8 59. Ka6 1-0

[Event "4NCL Division 1c"]
[Site "Birmingham, ENG"]
[Date "2016.04.30"]
[Round "9.144"]
[White "Ciuksyte, Dagne"]
[Black "Dorrington, Chris J"]
[Result "0-1"]
[WhiteElo "2332"]
[BlackElo "2336"]
[PlyCount "66"]
[EventDate "2016.04.30"]
[WhiteTeam "Guildford 2"]
[BlackTeam "Barbican 4NCL 2"]

1. e4 c5 2. Nf3 d6 3. d4 cxd4 4. Nxd4 Nf6 5. Nc3 e6 6. Be3 Nc6 7. Be2 Bd7 8. f4
a6 9. O-O Qc7 10. Qe1 b5 11. a3 Be7 12. Qg3 O-O 13. Bf3 Rac8 14. Kh1 Na5 15. e5
Ne8 16. Nf5 Nc6 17. Nxe7+ Nxe7 18. Be4 f5 19. exd6 Nxd6 20. Bd4 Rf7 21. Bf3 Nc4
22. b3 Nd2 23. Bh5 g6 24. Rfd1 Ne4 25. Nxe4 fxe4 26. Bg4 Qxc2 27. Be3 Nd5 28.
f5 exf5 29. Rxd5 fxg4 30. Qe5 Qc3 31. Rad1 Qxe3 32. Rxd7 Qf2 33. Qd5 Rcf8 0-1

[Event "4NCL Division 1c"]
[Site "Birmingham, ENG"]
[Date "2016.04.30"]
[Round "9.145"]
[White "Franklin, Samuel G A"]
[Black "Kilpatrick, Callum"]
[Result "1-0"]
[WhiteElo "2289"]
[BlackElo "2363"]
[PlyCount "61"]
[EventDate "2016.04.30"]
[WhiteTeam "Barbican 4NCL 2"]
[BlackTeam "Guildford 2"]

1. e4 e5 2. Nf3 Nc6 3. Bb5 a6 4. Ba4 Nge7 5. O-O g6 6. c3 Bg7 7. d4 exd4 8.
cxd4 b5 9. Bc2 O-O 10. d5 Na5 11. Nbd2 c5 12. Re1 d6 13. h3 c4 14. Nf1 Nb7 15.
Rb1 Nc5 16. Be3 Qc7 17. Bd4 f6 18. Ng3 a5 19. Nh2 b4 20. Rc1 Ba6 21. f4 Rac8
22. Ng4 Qd7 23. Qd2 Na4 24. Bxa4 Qxa4 25. e5 fxe5 26. fxe5 c3 27. bxc3 Nxd5 28.
c4 dxe5 29. Bxe5 Nc3 30. Bxg7 Kxg7 31. Qd4+ 1-0

[Event "4NCL Division 1c"]
[Site "Birmingham, ENG"]
[Date "2016.04.30"]
[Round "9.146"]
[White "Wadsworth, Matthew J"]
[Black "O'Toole, George E"]
[Result "1-0"]
[WhiteElo "2312"]
[BlackElo "2241"]
[PlyCount "73"]
[EventDate "2016.04.30"]
[WhiteTeam "Guildford 2"]
[BlackTeam "Barbican 4NCL 2"]

1. c4 Nf6 2. g3 e6 3. Bg2 d5 4. Nf3 dxc4 5. Qa4+ c6 6. Qxc4 b5 7. Qb3 Bb7 8.
O-O Nbd7 9. d4 Be7 10. Ne5 Nxe5 11. dxe5 Nd5 12. Nc3 a6 13. Rd1 Qc7 14. Nxd5
exd5 15. Bf4 g5 16. Be3 O-O 17. f4 Rad8 18. Bf2 gxf4 19. gxf4 Kh8 20. Rac1 Rg8
21. Kh1 d4 22. Bf3 c5 23. Bxd4 Qb6 24. Bf2 Rxd1+ 25. Rxd1 Bxf3+ 26. Qxf3 Qe6
27. b3 a5 28. Bg3 f5 29. exf6 Bxf6 30. f5 Qe8 31. Rd6 Qf8 32. Qd5 Bg7 33. f6
Bh6 34. f7 Rg5 35. Qxg5 Bxg5 36. Be5+ Qg7 37. f8=Q# 1-0

[Event "4NCL Division 1c"]
[Site "Birmingham, ENG"]
[Date "2016.04.30"]
[Round "9.147"]
[White "Poobalasingam, Peter S"]
[Black "Wall, Gavin"]
[Result "0-1"]
[WhiteElo "2221"]
[BlackElo "2345"]
[PlyCount "72"]
[EventDate "2016.04.30"]
[WhiteTeam "Barbican 4NCL 2"]
[BlackTeam "Guildford 2"]

1. e4 c5 2. Nf3 a6 3. c3 d6 4. d4 Nd7 5. Bg5 h6 6. Bh4 Qc7 7. Nbd2 Ngf6 8. h3
b5 9. Bg3 e5 10. a4 Rb8 11. dxe5 dxe5 12. axb5 axb5 13. c4 b4 14. Bd3 Nh5 15.
Nf1 g6 16. Bh2 Nf4 17. Ne3 Bg7 18. Bc2 O-O 19. h4 Nf6 20. g3 Rd8 21. Nd5 N4xd5
22. cxd5 c4 23. Nd2 Qc5 24. Bg1 b3 25. Bb1 c3 26. bxc3 Qxc3 27. Ra3 Bg4 28. f3
Bxf3 29. Qxf3 Qc1+ 30. Ke2 Qxa3 31. Be3 b2 32. Rf1 Rdc8 33. g4 Rc1 34. Rf2 Qa6+
35. Bd3 Re1+ 36. Kxe1 Qxd3 0-1

[Event "4NCL Division 1c"]
[Site "Birmingham, ENG"]
[Date "2016.04.30"]
[Round "9.148"]
[White "Kalaiyalahan, Akshaya"]
[Black "Bhatia, Kanwal K"]
[Result "1-0"]
[WhiteElo "2212"]
[BlackElo "2082"]
[PlyCount "59"]
[EventDate "2016.04.30"]
[WhiteTeam "Guildford 2"]
[BlackTeam "Barbican 4NCL 2"]

1. d4 Nf6 2. c4 c5 3. d5 b5 4. cxb5 a6 5. bxa6 g6 6. Nc3 Bxa6 7. e4 Bxf1 8.
Kxf1 d6 9. Nf3 Bg7 10. g3 O-O 11. Kg2 Nbd7 12. h3 Qa5 13. Bd2 Rfb8 14. Qc2 Qb4
15. Rab1 Ne8 16. Rhc1 Nc7 17. Bg5 Nf6 18. Nd2 e6 19. dxe6 Nxe6 20. Bxf6 Bxf6
21. Nd5 Qd4 22. Nf3 Bg7 23. Nxd4 Nxd4 24. Qc4 Nc6 25. b4 Ne5 26. Qe2 Nd7 27.
bxc5 dxc5 28. Rxb8+ Rxb8 29. Rc2 Bd4 30. Ne7+ 1-0